Concrete design to BS 8110 (Record no. 546972)

000 -LEADER
fixed length control field 00839cam a22002297a 4500
020 ## - INTERNATIONAL STANDARD BOOK NUMBER
International Standard Book Number 071313659
082 ## - DEWEY DECIMAL CLASSIFICATION NUMBER
Classification number 624.1834
Author Mark MAR
-- L-20,p-169
100 1# - MAIN ENTRY--PERSONAL NAME
Personal name Martin, L. H.
9 (RLIN) 43156
245 10 - TITLE STATEMENT
Title Concrete design to BS 8110
Statement of responsibility, etc. L.H. Martin, J.A. Purkiss.
250 ## - EDITION STATEMENT
Edition statement 1st ed.
260 ## - PUBLICATION, DISTRIBUTION, ETC.
Place of publication, distribution, etc. London ;
Name of publisher, distributor, etc. Edward Arnold.,
Date of publication, distribution, etc. 1989.
300 ## - PHYSICAL DESCRIPTION
Extent xxix, 477 p. :
Other physical details ill. ;
Dimensions 25 cm.
500 ## - GENERAL NOTE
General note Earlier ed. has title: Structural design in concrete to BS 8110.
526 ## - STUDY PROGRAM INFORMATION NOTE
Program name 0
Interest level 0
Reading level 0
Title point value 624_183400000000000_MAR
650 #0 - SUBJECT ADDED ENTRY--TOPICAL TERM
Topical term or geographic name entry element Concrete construction
General subdivision Standards
Geographic subdivision European Union countries.
9 (RLIN) 1031
650 #0 - SUBJECT ADDED ENTRY--TOPICAL TERM
Topical term or geographic name entry element Concrete construction.
650 #0 - SUBJECT ADDED ENTRY--TOPICAL TERM
Topical term or geographic name entry element MCE
9 (RLIN) 379
700 1# - ADDED ENTRY--PERSONAL NAME
Personal name Purkiss, J. A.
9 (RLIN) 1032
856 41 - ELECTRONIC LOCATION AND ACCESS
Uniform Resource Identifier <a href="http://www.loc.gov/catdir/toc/fy0801/2007278709.html">http://www.loc.gov/catdir/toc/fy0801/2007278709.html</a>
856 42 - ELECTRONIC LOCATION AND ACCESS
Uniform Resource Identifier <a href="http://www.loc.gov/catdir/enhancements/fy0742/2007278709-d.html">http://www.loc.gov/catdir/enhancements/fy0742/2007278709-d.html</a>
942 ## - ADDED ENTRY ELEMENTS (KOHA)
Source of classification or shelving scheme
Koha item type Book
Holdings
Withdrawn status Lost status Source of classification or shelving scheme Damaged status Not for loan Permanent Location Current Location Date acquired Total Checkouts Full call number Barcode Date last seen Price effective from Koha item type
          Military College of Engineering (MCE) Military College of Engineering (MCE) 06/26/2014   624.1834 MAR MCE-258884 06/26/2014 06/26/2014 Book
© 2023 Central Library, National University of Sciences and Technology. All Rights Reserved.